000 01123nam a22002657a 4500
005 20170124103147.0
010 _aA-721999
020 _c100.00
_a8170553369
035 _aA-721999
037 _bCen Lib/Ret
040 _aDPL
_bHN
082 _a821.08
_bबोरारा
100 _aबोरा, राजमल
_986640
245 _aभारतीय भक्ति साहित्य /
_cराजमल बोरा
246 _aBhartiya bhakti sahitya /
_bby Rajmal Bora
260 _aनई दिल्ली
_bवाणी प्रकाशन
_c1994
270 _a21-ए, दरियागंज
_bनई दिल्ली
_e110002
300 _a176पृ.
_c21सेमी(सजिल्द)
_b
500 _aअनुक्रमणिका शामिल
650 _aभक्ति--धर्म निरपेक्षता
_986641
650 _aभक्ति--भारतीय संस्कृति
_94281
650 _aDevotion--secular
_986642
650 _aDevotion--Indian Culture
_986643
942 _2ddc
_cHN
_h821.08
_mबोरारा
999 _c119741
_d119741